Travailleurs du like, faussaires de l’e-réputation (notice n° 1647166)

détails MARC
000 -LEADER
fixed length control field 02412cam a2200181 4500500
005 - DATE AND TIME OF LATEST TRANSACTION
control field 20260208003121.0
041 ## - LANGUAGE CODE
Language code of text/sound track or separate title fre
042 ## - AUTHENTICATION CODE
Authentication code dc
100 10 - MAIN ENTRY--PERSONAL NAME
Personal name Beauvisage, Thomas
Relator term author
245 00 - TITLE STATEMENT
Title Travailleurs du like, faussaires de l’e-réputation
260 ## - PUBLICATION, DISTRIBUTION, ETC.
Date of publication, distribution, etc. 2016.<br/>
500 ## - GENERAL NOTE
General note 2
520 ## - SUMMARY, ETC.
Summary, etc. Cet article étudie la place du marché des « faux fans » et des « faux followers » dans le marketing de la réputation sur les réseaux sociaux et analyse la nature particulière de ses produits ainsi que son architecture interne. Nous nous appuyons sur un matériau empirique varié nous permettant de documenter l’émergence, la stabilisation et le fonctionnement du marché du faux social. Nous montrons que le marché des fans au kilo articule deux univers marchands distincts : celui, légitime, de la publicité sur les médias sociaux, et celui, condamné, de la manipulation des signaux de la notoriété. Nous décrivons comment ce marché s’est progressivement autonomisé du marketing des médias sociaux, proposant des produits aux finalités originales à une clientèle spécifique. Le faux fan s’inscrit ainsi dans une gamme plus large de manipulations en ligne jouant sur les automatismes et les nouveaux signaux qui peuplent les espaces numériques.
520 ## - SUMMARY, ETC.
Summary, etc. “Like” workers: e-reputation counterfeitersThis article studies the role of the market for “fake likes” and “fake followers” in reputation marketing on social media, and analyses the particular nature of its products. The authors draw on diverse empirical sources to document the emergence, stabilization and functioning of the social counterfeit market. They show that the market for likes by the kilo articulates two distinct commercial worlds: the legitimate world of advertising on social media, and the condemned world of the manipulation of signals of renown. They describe how this market gradually became independent from social media marketing, offering products designed to meet purposes specific to a particular customer base. Fake likes thus fit within a broader range of online manipulations that take advantage of the automation and new signals populating digital spaces.
700 10 - ADDED ENTRY--PERSONAL NAME
Personal name Mellet, Kevin
Relator term author
786 0# - DATA SOURCE ENTRY
Note Réseaux | 197-198 | 3 | 2016-07-07 | p. 69-108 | 0751-7971
856 41 - ELECTRONIC LOCATION AND ACCESS
Uniform Resource Identifier <a href="https://shs.cairn.info/revue-reseaux-2016-3-page-69?lang=fr&redirect-ssocas=7080">https://shs.cairn.info/revue-reseaux-2016-3-page-69?lang=fr&redirect-ssocas=7080</a>

Pas d'exemplaire disponible.

PLUDOC

PLUDOC est la plateforme unique et centralisée de gestion des bibliothèques physiques et numériques de Guinée administré par le CEDUST. Elle est la plus grande base de données de ressources documentaires pour les Étudiants, Enseignants chercheurs et Chercheurs de Guinée.

Adresse

627 919 101/664 919 101

25 boulevard du commerce
Kaloum, Conakry, Guinée

Réseaux sociaux

Powered by Netsen Group @ 2025